000 00368nam a2200157Ia 4500
005 20250318071929.0
008 240331s9999 xx 000 0 und d
082 _bKAI
_a894
100 _aKailasapathy, K
245 0 _aAdiyum mudiyum
260 _aChennai
_bKumaran Publishers
_c1996
300 _a349 p .,
650 _aKattorai
650 _aIlakkiyam
942 _cL
999 _c4034
_d4034